| 000 | 00635cam a2200205 a 4500 | ||
|---|---|---|---|
| 020 | _a0072398604 (alk. paper) | ||
| 020 | _a0071122710 (ISE) | ||
| 040 | _cDLC | ||
| 082 | 0 | 0 | _a515 MCG 2002 A058 Or. |
| 100 | 1 | _aSmith, Robert T. | |
| 245 | 1 | 0 |
_aCalculus : _bmultivariable / |
| 250 | _a2nd ed. | ||
| 260 |
_aBoston : _bMcGraw-Hill, _cc2002. |
||
| 300 |
_axxviii, 850 p. : _bill. (some col.) ; _c26 cm. |
||
| 650 | 0 | _aCalculus. | |
| 700 | 1 | _aMinton, Roland B., | |
| 856 | 4 | 1 | _uhttp://www.loc.gov/catdir/enhancements/fy0612/2001030156-t.html |
| 856 | 4 | 2 | _uhttp://www.loc.gov/catdir/enhancements/fy0612/2001030156-d.html |
| 942 | _cEK | ||
| 999 |
_c14008 _d14008 |
||